000 01414nam a2200361Ia 4500
001 ebr10310596
003 CaPaEBR
006 m u
007 cr cn|||||||||
008 090507s2009 enka sb 001 0 eng d
010 _z 2009019213
020 _z9780470987209
040 _aCaPaEBR
_cCaPaEBR
035 _a(OCoLC)441886899
050 1 4 _aRC537
_b.D4469 2009eb
082 0 4 _a616.85/27
_222
245 0 0 _aDepressive disorders
_h[electronic resource] /
_ceditors, Helen Herrman, Mario Maj, Norman Sartorius.
250 _a3rd ed.
260 _aChichester, West Sussex, UK ;
_aHoboken, NJ :
_bJohn Wiley & Sons,
_c2009.
300 _axx, 338 p. :
_bill.
490 1 _aWPA series evidence and experience in psychiatry
504 _aIncludes bibliographical references and index.
533 _aElectronic reproduction.
_bPalo Alto, Calif. :
_cebrary,
_d2009.
_nAvailable via World Wide Web.
_nAccess may be limited to ebrary affiliated libraries.
650 0 _aDepression, Mental.
650 0 _aAffective disorders.
655 7 _aElectronic books.
_2local
700 1 _aHerrman, Helen.
700 1 _aMaj, Mario,
_d1953-
700 1 _aSartorius, N.
710 2 _aebrary, Inc.
830 0 _aWPA series, evidence and experience in psychiatry (Unnumbered)
856 4 0 _uhttp://site.ebrary.com/lib/rucke/Doc?id=10310596
_zAn electronic book accessible through the World Wide Web; click to view
999 _c62049
_d62049